00375nam a22001217a 4500003000500000038001800005082001200023100002400035245008400059260003100143600004400174700003500218NUST aNusrat Nadeem a004 RAM a Rehman Syed Rameez aMS/Thesis:A Framework for Cardboard based Augmented RealitycSyed Rameez Rehman aIslamabadbRCMS NUSTc2018 xDepartment of Computational Engineering 4Dr. Shahzad Rasool(Supervisor)